000 00765nam a2200265Ia 4500
003 OSt
005 20221006154000.0
006 a|||||r|||| 00| 0
007 ta
008 221006b |||||||| |||| 00| 0 jpn d
020 _cY1845
024 _a34,081
037 _bGift, Japan Foundation
_cTextual
040 _aEASL
_cEASL
_bjpn
041 _2jpn
_ajpn
082 _aP42,9, P7
100 _aAkimoto Miharu etc.
_9666147
245 0 _aPea de oboeru iroirona kotoba
_b Sho chukyu gakushusha no tame no rengo no seiri
260 _aTokyo
_bMusashino Shoin Japan
_c2007
300 _a244p.
_ccm.
490 _v JL
650 _aJL
942 _hP42,9, P7
_cTEXL
_2CC
999 _c1102167
_d1102167